Hỏi đáp giải phẫu sinh lí người
Cuốn sách đưa ra những câu hỏi và những giải đáp thắc mắc thường gặp nhất về giải phẫu sinh lý người.
Wedi'i Gadw mewn:
| Prif Awdur: | |
|---|---|
| Fformat: | Llyfr |
| Iaith: | Undetermined |
| Cyhoeddwyd: |
Hà Nội
Giáo Dục
1998
|
| Pynciau: | |
| Tagiau: |
Ychwanegu Tag
Dim Tagiau, Byddwch y cyntaf i dagio'r cofnod hwn!
|
| Thư viện lưu trữ: | Trung tâm Học liệu Trường Đại học Cần Thơ |
|---|
| LEADER | 00743nam a2200217Ia 4500 | ||
|---|---|---|---|
| 001 | CTU_29590 | ||
| 008 | 210402s9999 xx 000 0 und d | ||
| 020 | |b 3.800đ | ||
| 020 | |c 3800 | ||
| 082 | |a 611 | ||
| 082 | |b L431 | ||
| 100 | |a Lê, Quang Long | ||
| 245 | 0 | |a Hỏi đáp giải phẫu sinh lí người | |
| 245 | 0 | |c Lê Quang Long | |
| 260 | |a Hà Nội | ||
| 260 | |b Giáo Dục | ||
| 260 | |c 1998 | ||
| 520 | |a Cuốn sách đưa ra những câu hỏi và những giải đáp thắc mắc thường gặp nhất về giải phẫu sinh lý người. | ||
| 650 | |a Human anatomy,Human physiology | ||
| 904 | |i Minh, 990413 | ||
| 980 | |a Trung tâm Học liệu Trường Đại học Cần Thơ | ||